000 00592nam a2200205Ia 4500
003 OSt
005 20250618161740.0
008 210210b1999 xxu||||| |||| 00| 0 eng d
040 _cAL
041 _aKannada
082 _aK894.301 MITS
100 _aMITRAVINDA KULAKARNI ಮಿತ್ರವಿಂದಾ ಕುಲಕರ್ಣಿ
_9151891
245 _aSankoleyache
_bಸಂಕೋಲೆಯಾಚೆ
260 _aBengaluru
_bRamanashri Prakashana
_c1999
300 _a104
650 _aSanna kategalu
_9151892
690 _aKannada Fiction
_9151893
906 _a054609
942 _2ddc
_cBK
999 _c102186
_d102186